| 000 | 01036nam a22003617a 4500 | ||
|---|---|---|---|
| 001 | 0013580 | ||
| 003 | KOHA_MİRAKIL | ||
| 005 | 20260207001924.0 | ||
| 007 | ta | ||
| 008 | 100713b2002 tu |||gr||||#||||0|tur | | ||
| 020 | _a975591398X | ||
| 040 |
_aTR-BiSEU _btur _cTR-BiSEU _erda |
||
| 041 | 0 | _atur | |
| 044 | _ctu | ||
| 050 |
_aHF5721 _b.T88 2002 |
||
| 100 | 1 | _aTutar, Hasan. | |
| 245 | 1 |
_aMesleki yazışma teknikleri/ _cHasan Tutar ; Hasan Tutar. |
|
| 264 | 1 |
_aAnkara : _bNobel Yayın Dağıtım _c2002 |
|
| 300 | _a231 sayfa | ||
| 336 |
_ametin _btxt _2rdacontent |
||
| 337 |
_aaracısız _bn _2rdamedia |
||
| 338 |
_acilt _bnc _2rdacarrier |
||
| 490 | 1 |
_aNobel yayın ; _vno. |
|
| 490 | 1 | _a419. | |
| 490 | 1 |
_aHukuk-işletme-iktisat dizisi ; _v76. |
|
| 500 | _aKaynakça var. | ||
| 650 | 0 |
_aTicari yazışma. _924480 |
|
| 650 | 0 |
_aTürk dili--Kompozisyon. _915598 |
|
| 830 | 1 |
_aNobel yayın ; _vno. _91510 |
|
| 830 | 1 |
_a419. _931933 |
|
| 830 | 1 |
_aHukuk-işletme-iktisat dizisi ; _v76. _931934 |
|
| 942 |
_2lcc _cBK |
||
| 999 |
_c13544 _d13544 |
||